000 00614nam a2200229Ia 4500
003 OSt
005 20221007081022.0
006 a|||||r|||| 00| 0
007 ta
008 221006b |||||||| |||| 00| 0 eng d
024 _a30,004
037 _cTextual
040 _aFLL
_cFLL
_beng
041 _2eng
_aeng
082 _aD3:Z73.N55, J5.2
100 _aMountain Rocky
_9696150
245 0 _aMineral law institute
260 _aNew York
_bMatthew Bender & Company New
_c1956
300 _axi,509p
_ccm.
942 _hD3:Z73.N55, J5.2
_cTEXL
_2CC
999 _c1161687
_d1161687